000 00320nam a22001457a 4500
008 231012b ||||| |||| 00| 0 eng d
020 _a1560230479
041 _aeng
080 _a618
082 _a618MER
100 _a19
101 _aASTRO
245 _aTHE POLITICS OF PREGNANCY
_cMERRICK .C.J
942 _2udc
_cBK
999 _c60441
_d60441